Nemzetközi oktatásügy

Elmentve itt :
Bibliográfiai részletek
Szerző: Kemény Ferenc
Dokumentumtípus: Cikk
Megjelent: 1921
Sorozat:Magyar pedagógia : a Magyar Tudományos Akadémia Pedagógiai Bizottságának folyóirata 30
Kulcsszavak:Oktatásügy nemzetközi, Nemzetközi oktatásügy
Online Access:http://misc.bibl.u-szeged.hu/10080
LEADER 00669nab a2200181 i 4500
001 misc10080
005 20191106143259.0
008 170607s1921 hu o 0|| hun d
022 |a 0025-0260 
040 |a SZTE Miscellanea Repozitórium  |b hun 
041 |a hun 
100 1 |a Kemény Ferenc 
245 1 0 |a Nemzetközi oktatásügy  |h [elektronikus dokumentum] /  |c  Kemény Ferenc 
260 |c 1921 
300 |a 171-174 
490 0 |a Magyar pedagógia : a Magyar Tudományos Akadémia Pedagógiai Bizottságának folyóirata  |v 30 
695 |a Oktatásügy nemzetközi, Nemzetközi oktatásügy 
856 4 0 |u http://misc.bibl.u-szeged.hu/10080/1/mp_1921_2785_171-174.pdf  |z Dokumentum-elérés